El camino más largo (Record no. 116464)

MARC details
000 -LEADER
campo de control de longitud fija 00570nam a2200157 4500
001 - NÚMERO DE CONTROL
campo de control 116464
003 - IDENTIFICADOR DE NÚMERO DE CONTROL
campo de control ES-MaACL
007 - CAMPO FIJO DE DESCRIPCIÓN FÍSICA--INFORMACIÓN GENERAL
campo de control de longitud fija t|
008 - DATOS DE LONGITUD FIJA--INFORMACIÓN GENERAL
campo de control de longitud fija 061121n19001999sp r ||||1| spa d
100 1# - ENTRADA PRINCIPAL--NOMBRE DE PERSONA
Nombre de persona Paul-Margueritte, Lucie.
9 (RLIN) 89639
245 13 - MENCIÓN DEL TÍTULO
Título El camino más largo
Resto del título : = (Le chemin des écolieres) : (novela) /
Mención de responsabilidad, etc. Lucie Paul-Margueritte ; versión española de Germán Gómez de la Mata.
260 ## - PUBLICACIÓN, DISTRIBUCIÓN, ETC.
Lugar de publicación, distribución, etc. Valencia :
Nombre del editor, distribuidor, etc. Prometeo,
Fecha de publicación, distribución, etc. [19__?]
300 ## - DESCRIPCIÓN FÍSICA
Extensión 230 p., 1 lám. = retr. aut. ;
Dimensiones 19 cm.
700 1# - ENTRADA AGREGADA--NOMBRE PERSONAL
Nombre de persona Gómez de la Mata, Germán.
9 (RLIN) 57896
852 ## - LOCALIZACIÓN
Ubicación ES-MaACL
Número de control de estantería C-9745
Sublocalización o colección R.37216
Holdings
Estatus retirado Estado de pérdida Estado de daño No para préstamo Biblioteca de origen Biblioteca actual Ubicación en estantería Fecha de adquisición Fuente de adquisición Total de préstamos Signatura topográfica completa Código de barras Visto por última vez Precio de reemplazo Tipo de ítem Koha
        Biblioteca del Ateneo de Madrid Biblioteca del Ateneo de Madrid Sala Palomar 17/01/2008     C-9745 1121446 23/02/2023 23/02/2023 Libro impreso